| 000 | 00381 a2200157 4500 | ||
|---|---|---|---|
| 001 | 74095 | ||
| 020 | _a9781-4050-7608-1 | ||
| 040 | _cAnchieta - Colégio São Paulo | ||
| 100 | _aTwain, Mark | ||
| 240 | 1 | 0 |
_aThe Adventures of Tom Sawyer _lpor |
| 245 | 1 | 0 | _aThe Adventures of Tom Sawyer |
| 300 | _a71 | ||
| 362 | 0 | _a2011 | |
| 650 | 4 | _aLiteratura juvenil em inglês | |
| 942 | _cBK | ||
| 999 |
_c74095 _d74095 |
||